[Event "Orsha op"]
[Site "Orsha"]
[Date "2019.01.20"]
[Round "4"]
[White "Gabdrakipov, Kirill"]
[Black "Viikmaa, Karmen"]
[Result "0-1"]
[WhiteElo "1901"]
[BlackElo "1706"]
[PlyCount "78"]
[EventDate "2019.01.18"]
[EventType "swiss"]
[EventRounds "9"]
[EventCountry "BLR"]
[SourceTitle "CBM 188 Extra"]
[Source "ChessBase"]
[SourceDate "2019.02.26"]
[SourceVersion "1"]
[SourceVersionDate "2019.02.26"]
[SourceQuality "1"]

1. e4 c5 2. Nf3 Nc6 3. d4 cxd4 4. Nxd4 Qb6 5. Nb3 Nf6 6. Nc3 e6 7. Be3 Qc7 8. Qd2 Bb4 9. f3 d5 10. a3 Bxc3 11. Qxc3 dxe4 12. fxe4 0-0 13. Bd3 Ng4 14. Bc5 Rd8 15. 0-0-0 b6 16. h3 Nge5 17. Bd4 Nxd3+ 18. Rxd3 f6 19. Rg3 Qf4+ 20. Re3 Bb7 21. Kb1 Rac8 22. Qd3 e5 23. Rf3 Qh6 24. Qc4+ Kh8 25. Be3 Qg6 26. Qa4 Nd4 27. Bxd4 exd4 28. Nxd4 Bxe4 29. Rf2 Qf7 30. Nf3 Rc4 31. Ne5 fxe5 32. Qb3 Qxf2 33. Qxc4 Qd4 34. Qc7 Qd6 35. Qxa7 Rc8 36. Rc1 Qc6 37. Ka1 Bd5 38. Qe7 Qc4 39. b3 Qc3+ 0-1